Movies Quiz

Random Movies Quiz
Score 0/30 Timer 05:00
15 Plays Today
% Correct
Titanic
94%
Apollo 13
93.8%
Schindlers List
93.8%
Gandhi
93%
Patton
88.6%
Lawrence of Arabia
88%
Charlie Wilson's War
86.8%
All the President's Men
85%
The Spirit of St. Louis
84.8%
Amistad
82.3%
The Great Escape
81.7%
The Hurricane
81.2%
The Imitation Game
80.9%
Valkyrie
79.9%
Rudy
79.2%
% Correct
Mutiny on the Bounty
78.6%
Brian's Song
75.9%
Butch Cassidy and the Sundance Kid
75.3%
Miracle
74.7%
The Sound of Music
73.7%
The Right Stuff
73.2%
Papillon
71.5%
Invincible
67.3%
Unbroken
62.3%
Midnight Express
61.8%
The Rookie
60.2%
Citizen X
55.5%
The French Connection
52%
Touching the Void
51.7%
The Three Faces of Eve
44.2%

You're not logged in!

Compare scores with friends on all Sporcle quizzes.
OR
Log In

Sporcle TV

Today on Sporcle TV


Watch our educational content, quiz creation guides, and fun videos on Sporcle TV.

Show Comments

Extras

Top Quizzes Today


Score Distribution

Paid Content

Your Account Isn't Verified!

In order to create a playlist on Sporcle, you need to verify the email address you used during registration. Go to your Sporcle Settings to finish the process.

Report this User

Report this user for behavior that violates our Community Guidelines.

Details: